[Event "Quebec-ch Senior"]
[Site "Montreal CAN"]
[Date "2018.04.20"]
[Round "1.7"]
[White "Baran, Marius"]
[Black "Duplessis, Claude"]
[Result "1-0"]
[WhiteElo "1838"]
[BlackElo "1530"]
[PlyCount "39"]
[EventDate "2018.04.20"]
[EventType "swiss"]
[EventRounds "5"]
[EventCountry "CAN"]

1. e4 e5 2. Nf3 Nc6 3. d4 exd4 4. Bc4 Bb4+ 5. c3 dxc3 6. O-O Qe7 7. bxc3 Ba5 8.
Bg5 Qd6 9. Qb3 Qg6 10. e5 Nge7 11. Nbd2 O-O 12. Rfe1 h6 13. Bh4 d5 14. exd6 Bh3
15. Bg3 Nf5 16. gxh3 Nxd6 17. Bd5 Bb6 18. Qb1 Nf5 19. Be4 Nce7 20. Nh4 1-0

[Event "Quebec-ch Senior"]
[Site "Montreal CAN"]
[Date "2018.04.20"]
[Round "1.8"]
[White "Pincince, Jacques"]
[Black "Jean, Robert"]
[Result "1/2-1/2"]
[WhiteElo "1506"]
[BlackElo "1763"]
[PlyCount "85"]
[EventDate "2018.04.20"]
[EventType "swiss"]
[EventRounds "5"]
[EventCountry "CAN"]

1. e4 c5 2. Nc3 Nc6 3. g3 g6 4. Bg2 Bg7 5. f4 d6 6. d3 e6 7. Nf3 Nge7 8. Be3
O-O 9. Qd2 Nd4 10. Nd1 Rb8 11. c3 Nxf3+ 12. Bxf3 f5 13. h4 h5 14. Nf2 Qc7 15.
Nh3 b5 16. Ng5 a5 17. Qe2 b4 18. Bxh5 gxh5 19. Qxh5 Rf6 20. Qh7+ Kf8 21. Qh5
Ng8 22. Nh7+ Ke7 23. Nxf6 Nxf6 24. Qg6 Kf8 25. h5 Qf7 26. Qg5 Bb7 27. h6 Bh8
28. h7 fxe4 29. d4 Nd5 30. Qh6+ Ke7 31. f5 Nxe3 32. Qxe3 cxd4 33. cxd4 exf5 34.
Rc1 Rc8 35. Rxc8 Bxc8 36. Qg5+ Qf6 37. Qg8 Bd7 38. Qd5 Qg7 39. Qg8 Qxd4 40.
Qg5+ Qf6 41. Qd2 Qe5 42. Qg5+ Qf6 43. Qd2 1/2-1/2

[Event "Quebec-ch Senior"]
[Site "Montreal CAN"]
[Date "2018.04.20"]
[Round "1.9"]
[White "Alcantara, Maximo jr"]
[Black "Bureau, Robert"]
[Result "1-0"]
[WhiteElo "1746"]
[BlackElo "1410"]
[PlyCount "113"]
[EventDate "2018.04.20"]
[EventType "swiss"]
[EventRounds "5"]
[EventCountry "CAN"]

1. Nf3 d5 2. d4 Nf6 3. g3 Bf5 4. Bg2 Nc6 5. c3 e6 6. Nbd2 Bd6 7. O-O O-O 8. Re1
h6 9. Nh4 Bh7 10. e4 Nxe4 11. Nxe4 f5 12. Nxd6 Qxd6 13. Bf4 Qd7 14. Nf3 Rae8
15. Ne5 Nxe5 16. Rxe5 Rf6 17. Qe2 c6 18. a4 a6 19. b4 Bg6 20. Re1 Bf7 21. Rb1
b5 22. axb5 axb5 23. Ra1 Qb7 24. Qa2 Kh7 25. Qa7 Qxa7 26. Rxa7 Bg8 27. Rc7 Ra8
28. Rxc6 Ra1+ 29. Bf1 Bf7 30. Kg2 g5 31. Bd2 Ra2 32. Be1 f4 33. Bxb5 f3+ 34.
Kg1 Ra1 35. Bd3+ Kg7 36. b5 Rd1 37. Bf1 Rf5 38. Re3 h5 39. b6 Rf6 40. b7 Rb1
41. Ba6 h4 42. Rc8 hxg3 43. hxg3 e5 44. b8=Q Rxb8 45. Rxb8 Rxa6 46. Rxe5 Kg6
47. Rb7 Be6 48. Re7 Bf5 49. Rxd5 Bd3 50. Rde5 Kf6 51. d5 Ra2 52. d6 Be2 53. d7
Ra1 54. Rxe2 fxe2 55. Rxe2 Rd1 56. Rd2 Rxe1+ 57. Kg2 1-0

[Event "Quebec-ch Senior"]
[Site "Montreal CAN"]
[Date "2018.04.20"]
[Round "1.10"]
[White "Labadie, Bernard"]
[Black "Michaud, Luc"]
[Result "0-1"]
[WhiteElo "1371"]
[BlackElo "1714"]
[PlyCount "60"]
[EventDate "2018.04.20"]
[EventType "swiss"]
[EventRounds "5"]
[EventCountry "CAN"]

1. c4 Nf6 2. Nc3 e6 3. d4 d5 4. Bg5 Be7 5. e3 c6 6. Nf3 Nbd7 7. Bd3 O-O 8. O-O
h6 9. Bh4 b6 10. Re1 Bb7 11. Rc1 dxc4 12. Bxc4 c5 13. Bg3 a6 14. a4 Rc8 15. Qe2
Ra8 16. h3 Re8 17. e4 cxd4 18. Nxd4 Nc5 19. Red1 Ncd7 20. Bxe6 Bc5 21. Bxd7
Qxd7 22. Ndb5 Qc6 23. Nc7 Rxe4 24. Nxe4 Nxe4 25. Qf3 Nxg3 26. Qxg3 Rc8 27. Nd5
Qe6 28. Nf4 Qf5 29. Rd7 Qxd7 30. Nh5 Bxf2+ 0-1

[Event "Quebec-ch Senior"]
[Site "Montreal CAN"]
[Date "2018.04.20"]
[Round "1.11"]
[White "Giroux, Gilbert"]
[Black "Lamoureux, Yvon"]
[Result "0-1"]
[WhiteElo "1305"]
[BlackElo "1698"]
[PlyCount "104"]
[EventDate "2018.04.20"]
[EventType "swiss"]
[EventRounds "5"]
[EventCountry "CAN"]

1. e4 e6 2. d4 d5 3. e5 c5 4. c3 cxd4 5. cxd4 Nc6 6. Nf3 Qb6 7. Nc3 f6 8. Qe2
fxe5 9. dxe5 Bb4 10. Bd2 Nge7 11. a3 Bxc3 12. bxc3 O-O 13. Qd3 Rf5 14. Be3 Qc7
15. Be2 Nxe5 16. Nxe5 Qxe5 17. O-O Bd7 18. Rfe1 a6 19. c4 Bc6 20. Bg4 dxc4 21.
Qxc4 Bd5 22. Qb4 Rf7 23. Bd4 Qg5 24. Bh3 Nf5 25. Re5 Qf4 26. Bxf5 Rxf5 27. Rxf5
Qxf5 28. Qc3 Qg6 29. Qg3 Qxg3 30. hxg3 b5 31. Rc1 Bc4 32. f4 Rd8 33. Bb2 Kf7
34. Rc2 g6 35. Kf2 Rd3 36. Re2 Rxg3 37. Rd2 Rd3 38. Re2 Ke7 39. Ke1 h5 40. Kf2
Kd7 41. Ke1 Kc6 42. Kf2 Kb6 43. Rc2 Ka5 44. Kg1 Ka4 45. Rc1 a5 46. Rc3 Rd2 47.
Bc1 Rd1+ 48. Kh2 Rxc1 49. Rxc1 Kxa3 50. Ra1+ Kb4 51. Kg3 a4 52. Kf2 a3 0-1

[Event "Quebec-ch Senior"]
[Site "Montreal CAN"]
[Date "2018.04.21"]
[Round "2.2"]
[White "Khassanov, Marat"]
[Black "Alcantara, Maximo jr"]
[Result "1-0"]
[WhiteElo "2200"]
[BlackElo "1746"]
[PlyCount "119"]
[EventDate "2018.04.20"]
[EventType "swiss"]
[EventRounds "5"]
[EventCountry "CAN"]

1. e4 c6 2. d4 d5 3. exd5 cxd5 4. Bd3 g6 5. c3 Bg7 6. Qc2 Nf6 7. h3 Nc6 8. Nf3
Bd7 9. Ne5 Rc8 10. Nxc6 Rxc6 11. O-O O-O 12. Nd2 a6 13. a4 Re8 14. Nf3 Nh5 15.
Re1 Qc7 16. Qb3 e6 17. Ne5 Bxe5 18. dxe5 Rb6 19. Qd1 Qd8 20. Qd2 f6 21. c4 fxe5
22. Rxe5 Qf6 23. Qe3 Rb3 24. Rxh5 gxh5 25. Bxh7+ Kxh7 26. Qxb3 Bc6 27. Qd1 Qg6
28. Ra3 Rg8 29. Rg3 Qf5 30. Rf3 Qg6 31. Rg3 Qf5 32. Rxg8 Kxg8 33. Be3 dxc4 34.
Qd8+ Kf7 35. Bg5 e5 36. Qe7+ Kg8 37. f3 e4 38. f4 Qd5 39. Bf6 Qf7 40. Qd8+ Qf8
41. Qd4 Qf7 42. a5 Qd5 43. Qxd5+ Bxd5 44. Bd4 Kf7 45. Kf2 Kg6 46. g4 hxg4 47.
hxg4 Bc6 48. f5+ Kg5 49. Kg3 Bd5 50. Be3+ Kf6 51. Kf4 b5 52. axb6 a5 53. g5+
Kf7 54. Ke5 Bb7 55. Kd4 Ba6 56. Kxe4 Kg7 57. Bd4+ Kg8 58. g6 Kf8 59. f6 Kg8 60.
Ke5 1-0

[Event "Quebec-ch Senior"]
[Site "Montreal CAN"]
[Date "2018.04.21"]
[Round "2.3"]
[White "Lamoureux, Yvon"]
[Black "Barre, Michel"]
[Result "1/2-1/2"]
[WhiteElo "1698"]
[BlackElo "1885"]
[PlyCount "95"]
[EventDate "2018.04.20"]
[EventType "swiss"]
[EventRounds "5"]
[EventCountry "CAN"]

1. g3 d5 2. Bg2 Nf6 3. Nf3 Bf5 4. d3 c6 5. O-O h6 6. b3 Nbd7 7. Bb2 Qc7 8. Nbd2
e5 9. Nh4 Bh7 10. e4 d4 11. Bh3 b5 12. f4 Bd6 13. Nf5 Bxf5 14. Bxf5 c5 15.
Bxd7+ Nxd7 16. f5 Be7 17. a4 b4 18. Nc4 Nb6 19. Qg4 Bf6 20. Nxb6 axb6 21. Kg2
Qe7 22. Rfb1 Kd7 23. Bc1 Kd6 24. Bd2 Ra7 25. Ra2 Rha8 26. Rab2 Kc6 27. h4 b5
28. axb5+ Kxb5 29. Kh3 Rg8 30. Qd1 Qd7 31. g4 Qd8 32. h5 Bg5 33. Qc1 Bxd2 34.
Qxd2 Qf6 35. Qc1 Rga8 36. Qe1 Kc6 37. Qh4 Qxh4+ 38. Kxh4 Ra1 39. g5 Kd6 40.
gxh6 gxh6 41. Rxa1 Rxa1 42. Kg4 Ke7 43. Kh4 Kf6 44. Kg4 Rg1+ 45. Kh4 Rg2 46.
Ra2 Rf2 47. Kg3 Re2 48. Kh4 1/2-1/2

[Event "Quebec-ch Senior"]
[Site "Montreal CAN"]
[Date "2018.04.21"]
[Round "2.4"]
[White "Morin, Louis"]
[Black "Rabutki, Dimitri"]
[Result "1-0"]
[WhiteElo "1839"]
[BlackElo "1610"]
[PlyCount "140"]
[EventDate "2018.04.20"]
[EventType "swiss"]
[EventRounds "5"]
[EventCountry "CAN"]

1. e4 e5 2. Nf3 d6 3. d4 Qe7 4. Nc3 c6 5. Bg5 f6 6. Be3 Bg4 7. a4 Nd7 8. Bc4 g6
9. O-O Bh6 10. Qd2 Bxf3 11. Bxg8 Rxg8 12. Bxh6 Bh5 13. Be3 g5 14. f3 Bf7 15. b3
h5 16. Rad1 a6 17. dxe5 dxe5 18. Qd6 Rc8 19. a5 Qxd6 20. Rxd6 Ke7 21. Rfd1 Rgd8
22. R6d2 Nb8 23. Bc5+ Ke8 24. Bd6 Be6 25. Na4 Nd7 26. Kf2 Bf7 27. Ke3 Be6 28.
Rd3 Kf7 29. Bc5 Ke8 30. Rd6 Kf7 31. Bb6 Nxb6 32. Rxd8 Rxd8 33. Rxd8 Nxa4 34.
bxa4 Ke7 35. Rb8 f5 36. Rxb7+ Kd6 37. Kd3 Kc5 38. Kc3 g4 39. Rh7 gxf3 40. gxf3
fxe4 41. fxe4 Bg4 42. Re7 Kd6 43. Ra7 Be2 44. Kd2 Bf3 45. Kd3 Bg2 46. h4 Kc5
47. Rg7 Bf3 48. Rg5 Kd6 49. Rf5 Bg4 50. Rf1 Kc5 51. Rb1 Bh3 52. Kc3 Bg2 53. Re1
Kd6 54. Re2 Bf3 55. Re3 Bg2 56. Kb4 c5+ 57. Kc4 Bf1+ 58. Kc3 Bg2 59. Re2 Bf3
60. Rd2+ Kc6 61. Rd5 Bxe4 62. Rxe5 Bf3 63. Kc4 Bd1 64. Rxc5+ Kb7 65. Kd5 Bf3+
66. Kd6 Bg4 67. Rc7+ Kb8 68. Kc6 Bf3+ 69. Kb6 Be2 70. Re7 Kc8 1-0

[Event "Quebec-ch Senior"]
[Site "Montreal CAN"]
[Date "2018.04.21"]
[Round "2.5"]
[White "Gauthier, Luc"]
[Black "Baran, Marius"]
[Result "1/2-1/2"]
[WhiteElo "1654"]
[BlackElo "1838"]
[PlyCount "65"]
[EventDate "2018.04.20"]
[EventType "swiss"]
[EventRounds "5"]
[EventCountry "CAN"]

1. e4 c5 2. Nc3 d6 3. f4 Nc6 4. Nf3 g6 5. Bb5 Bd7 6. Bxc6 Bxc6 7. d3 Bg7 8. O-O
e6 9. Be3 Ne7 10. Qe1 b6 11. f5 gxf5 12. Bg5 Qd7 13. Bxe7 Qxe7 14. exf5 O-O-O
15. fxe6 fxe6 16. Qe2 Rdf8 17. Rae1 e5 18. d4 Qb7 19. dxe5 Bxf3 20. Rxf3 Rxf3
21. gxf3 Bxe5 22. Ne4 Rg8+ 23. Kh1 Qd7 24. Qa6+ Kb8 25. Rg1 Rxg1+ 26. Kxg1 Qg7+
27. Kh1 Qg6 28. Qe2 Kc7 29. c3 d5 30. Nxc5 Qb1+ 31. Kg2 Qg6+ 32. Kh1 Qb1+ 33.
Kg2 1/2-1/2

[Event "Quebec-ch Senior"]
[Site "Montreal CAN"]
[Date "2018.04.21"]
[Round "2.6"]
[White "Bedard, Michel"]
[Black "Gueorguiev, Valentin"]
[Result "0-1"]
[WhiteElo "1610"]
[BlackElo "1956"]
[PlyCount "101"]
[EventDate "2018.04.20"]
[EventType "swiss"]
[EventRounds "5"]
[EventCountry "CAN"]

1. d4 g6 2. Bf4 Bg7 3. e3 c5 4. c3 Qb6 5. Qb3 Nf6 6. Nf3 O-O 7. Nbd2 d6 8. Bd3
Be6 9. Qc2 Na6 10. a3 Rac8 11. O-O c4 12. Be2 h6 13. h3 d5 14. Ne5 Bf5 15. Qc1
Nb8 16. Bh2 Nc6 17. f4 Na5 18. g4 Be4 19. g5 Ne8 20. Nd7 Qe6 21. Bg4 Bf5 22.
Nxf8 Qxe3+ 23. Rf2 Bxg4 24. hxg4 Bxf8 25. gxh6 Nf6 26. Qd1 Nb3 27. Nxb3 cxb3
28. Qe2 Qxe2 29. Rxe2 Nxg4 30. Kg2 Nxh6 31. Kf3 Nf5 32. Bg3 e6 33. Rh2 Be7 34.
Rah1 Bf6 35. Bf2 b5 36. Ke2 a5 37. Kd3 Rc4 38. Ra1 Kg7 39. Rah1 b4 40. Rh8 Be7
41. R1h7+ Kf6 42. axb4 axb4 43. Rb8 Rc7 44. Be1 Bd6 45. Bd2 Ra7 46. Rbh8 Ra2
47. Bc1 Ra1 48. Rh1 Ng3 49. R1h3 Ne4 50. Be3 bxc3 51. bxc3 0-1

[Event "Quebec-ch Senior"]
[Site "Montreal CAN"]
[Date "2018.04.21"]
[Round "2.7"]
[White "Levasseur, Sylvain"]
[Black "Mangahas, Ronald"]
[Result "1/2-1/2"]
[WhiteElo "1602"]
[BlackElo "1938"]
[PlyCount "65"]
[EventDate "2018.04.20"]
[EventType "swiss"]
[EventRounds "5"]
[EventCountry "CAN"]

1. e4 c5 2. Nf3 d6 3. c3 Nf6 4. Be2 e6 5. O-O Be7 6. Re1 O-O 7. d3 Nc6 8. Nbd2
Qc7 9. Nf1 d5 10. exd5 exd5 11. Bg5 Bg4 12. Qd2 Rfe8 13. Ne3 Bxf3 14. Bxf3 d4
15. Nf1 h6 16. Bf4 Bd6 17. Bxd6 Qxd6 18. Ng3 Rad8 19. Ne4 Nxe4 20. Bxe4 Ne5 21.
c4 Re7 22. h3 Rde8 23. Bd5 Qg6 24. Be4 f5 25. Bd5+ Kh8 26. f4 Nc6 27. Bxc6 Qxc6
28. Rxe7 Rxe7 29. Re1 Qe8 30. Kf2 Kg8 31. Rxe7 Qxe7 32. Qe2 Qh4+ 33. Kf3
1/2-1/2

[Event "Quebec-ch Senior"]
[Site "Montreal CAN"]
[Date "2018.04.21"]
[Round "2.8"]
[White "Gauthier, Denis"]
[Black "Pincince, Jacques"]
[Result "1-0"]
[WhiteElo "1846"]
[BlackElo "1506"]
[PlyCount "67"]
[EventDate "2018.04.20"]
[EventType "swiss"]
[EventRounds "5"]
[EventCountry "CAN"]

1. d4 d5 2. c4 Nf6 3. cxd5 Qxd5 4. Nc3 Qd8 5. Nf3 e6 6. e4 Be7 7. Bd3 Nc6 8.
O-O Nb4 9. Bb1 Bd7 10. a3 Na6 11. b4 c6 12. Bd3 Nc7 13. Qc2 a5 14. Rb1 axb4 15.
axb4 Na6 16. Na2 Nc7 17. Ne5 Nh5 18. Be3 O-O 19. f4 f5 20. exf5 exf5 21. Bc4+
Nd5 22. Nc3 Nhf6 23. b5 g6 24. Rfe1 Kg7 25. Bd2 Nb4 26. Qb2 Nbd5 27. Ra1 Nb6
28. Rxa8 Nxa8 29. d5 cxd5 30. Nxd5 Bc5+ 31. Kh1 Nb6 32. Nxb6 Bxb6 33. Bb4 Re8
34. Rd1 1-0

[Event "Quebec-ch Senior"]
[Site "Montreal CAN"]
[Date "2018.04.21"]
[Round "2.9"]
[White "Jean, Robert"]
[Black "Dubreuil, Raymond"]
[Result "1/2-1/2"]
[WhiteElo "1763"]
[BlackElo "1507"]
[PlyCount "113"]
[EventDate "2018.04.20"]
[EventType "swiss"]
[EventRounds "5"]
[EventCountry "CAN"]

1. d4 Nf6 2. c4 g6 3. Nc3 d5 4. Bf4 c5 5. dxc5 Qa5 6. cxd5 Qxc5 7. e3 Bg7 8.
Be2 Nbd7 9. Rc1 Qa5 10. Nf3 Ne4 11. Qb3 O-O 12. O-O Nxc3 13. bxc3 Nc5 14. Qb5
Qxb5 15. Bxb5 a6 16. Be2 b5 17. Be5 Bxe5 18. Nxe5 Bb7 19. Rfd1 Ne4 20. f3 Nd6
21. Nd7 Rfd8 22. Nc5 Rac8 23. Nxb7 Nxb7 24. e4 Nd6 25. g4 f6 26. Kf2 Kf7 27.
Rd4 Rc5 28. Ke3 Rdc8 29. Kd2 a5 30. a3 Nc4+ 31. Bxc4 Rxc4 32. Rxc4 Rxc4 33. Rb1
Rc5 34. Kd3 e5 35. h4 h6 36. Rb2 Ke7 37. Rg2 Rc4 38. Rb2 Rc5 39. h5 g5 40. a4
bxa4 41. Ra2 Kd6 42. Rxa4 Rb5 43. Rc4 Rb6 44. Rc8 Ra6 45. Kc2 a4 46. Kb2 Kd7
47. Rh8 Rb6+ 48. Ka3 Rb3+ 49. Kxa4 Rxc3 50. Rxh6 Rxf3 51. Rh7+ Kd6 52. Rf7 Rf4
53. h6 Rxe4+ 54. Kb5 Rxg4 55. h7 Rh4 56. Rxf6+ Kxd5 57. Rf7 1/2-1/2

[Event "Quebec-ch Senior"]
[Site "Montreal CAN"]
[Date "2018.04.21"]
[Round "2.10"]
[White "Duplessis, Claude"]
[Black "Sullivan, Neil"]
[Result "0-1"]
[WhiteElo "1530"]
[BlackElo "2065"]
[PlyCount "52"]
[EventDate "2018.04.20"]
[EventType "swiss"]
[EventRounds "5"]
[EventCountry "CAN"]

1. e4 c5 2. Nc3 Nc6 3. g3 g6 4. Bg2 Bg7 5. d3 Nf6 6. Nge2 O-O 7. O-O d6 8. h3
Rb8 9. Be3 b5 10. Qd2 b4 11. Nd1 Re8 12. f4 Bb7 13. e5 dxe5 14. Bxc5 exf4 15.
Qxf4 h6 16. h4 Qd7 17. d4 e5 18. dxe5 Rxe5 19. Be3 Rbe8 20. Nd4 Nd5 21. Bxd5
Qxd5 22. Nf3 Rf5 23. c4 bxc3 24. Nxc3 Bxc3 25. Qxh6 Rxf3 26. Rxf3 Qxf3 0-1

[Event "Quebec-ch Senior"]
[Site "Montreal CAN"]
[Date "2018.04.21"]
[Round "2.11"]
[White "Millette, Sylvain"]
[Black "Molloy, Francis"]
[Result "1/2-1/2"]
[WhiteElo "1695"]
[BlackElo "1558"]
[PlyCount "58"]
[EventDate "2018.04.20"]
[EventType "swiss"]
[EventRounds "5"]
[EventCountry "CAN"]

1. e4 c5 2. d4 cxd4 3. c3 d5 4. e5 Nc6 5. cxd4 Bf5 6. Bb5 Rc8 7. Nc3 e6 8. Nge2
a6 9. Bxc6+ Rxc6 10. O-O Be7 11. Ng3 Bg6 12. f4 Nh6 13. Be3 Nf5 14. Nxf5 Bxf5
15. g4 Be4 16. Nxe4 dxe4 17. f5 exf5 18. gxf5 Bg5 19. Qd2 Bxe3+ 20. Qxe3 Rc2
21. f6 gxf6 22. Qxe4 Rg8+ 23. Kh1 Rgg2 24. exf6+ Kf8 25. Qxg2 Rxg2 26. Kxg2
Qxd4 27. Rf2 Qe4+ 28. Kg1 Qg4+ 29. Kh1 Qe4+ 1/2-1/2

[Event "Quebec-ch Senior"]
[Site "Montreal CAN"]
[Date "2018.04.21"]
[Round "2.12"]
[White "Bureau, Robert"]
[Black "Kozlov, Guennadi"]
[Result "0-1"]
[WhiteElo "1410"]
[BlackElo "1680"]
[PlyCount "126"]
[EventDate "2018.04.20"]
[EventType "swiss"]
[EventRounds "5"]
[EventCountry "CAN"]

1. e4 c6 2. d4 d5 3. exd5 cxd5 4. c4 Nc6 5. c5 g6 6. Nf3 Bg7 7. Nc3 Bg4 8. Bb5
e6 9. Be3 Nge7 10. O-O O-O 11. Be2 Bxf3 12. Bxf3 Nf5 13. Ne2 Qf6 14. Qd2 Nfxd4
15. Nxd4 Nxd4 16. Bd1 Nf5 17. Rb1 Rfc8 18. b4 Nxe3 19. fxe3 Qe5 20. Rf3 b6 21.
Rc1 bxc5 22. bxc5 Rab8 23. Bb3 Bf8 24. c6 Bb4 25. Qf2 f5 26. Qe2 Rb6 27. Ba4
Bd6 28. Rh3 Rb2 29. Qa6 Rc7 30. Bb3 f4 31. Qd3 fxe3 32. Qxe3 Qxe3+ 33. Rxe3 Bf4
34. Rec3 Bxc1 35. Rxc1 Kf7 36. Rc3 Ke7 37. a3 Kd6 38. Ba4 Rd2 39. Rb3 Rd4 40.
Bb5 Kc5 41. a4 Kb6 42. Re3 Re7 43. Rc3 a6 44. Be2 Rxa4 45. h3 Rc7 46. Bg4 Re4
47. Bf3 Rc4 48. Rb3+ Kxc6 49. Be2 Rc1+ 50. Kf2 Ra1 51. Ke3 Rb7 52. Rc3+ Kd6 53.
Rc2 e5 54. Rd2 Ra3+ 55. Kf2 e4 56. Ke1 Ke5 57. Rc2 d4 58. Rc8 Kf4 59. Rc6 Ke3
60. Bd1 Ra1 61. Rc2 d3 62. Rd2 Rbb1 63. g4 g5 0-1

[Event "Quebec-ch Senior"]
[Site "Montreal CAN"]
[Date "2018.04.21"]
[Round "3.2"]
[White "Gueorguiev, Valentin"]
[Black "Morin, Louis"]
[Result "1/2-1/2"]
[WhiteElo "1956"]
[BlackElo "1839"]
[PlyCount "166"]
[EventDate "2018.04.20"]
[EventType "swiss"]
[EventRounds "5"]
[EventCountry "CAN"]

1. c4 e6 2. g3 d5 3. Bg2 Nf6 4. Nf3 Be7 5. O-O O-O 6. b3 c5 7. Bb2 Nc6 8. d4
dxc4 9. bxc4 cxd4 10. Nxd4 Bd7 11. Nb3 Qc7 12. Nc3 Rfd8 13. Nb5 Qb8 14. Qc1 a6
15. N5d4 Qc7 16. Qc3 Rac8 17. Rac1 Nb4 18. Ra1 b5 19. a3 Nbd5 20. cxd5 Qxc3 21.
Bxc3 Rxc3 22. dxe6 fxe6 23. Rfc1 Rxc1+ 24. Nxc1 e5 25. Nf3 Bf5 26. Nb3 Bc2 27.
Na5 Rd1+ 28. Rxd1 Bxd1 29. Nxe5 Bxa3 30. Bb7 b4 31. Bxa6 Kf8 32. Bc4 Ke7 33.
Kf1 Kd6 34. Nd3 Ng4 35. Bg8 h6 36. Ke1 Ba4 37. f3 Ne5 38. Nxe5 Kxe5 39. Kd2 b3
40. Nxb3 Bxb3 41. Bxb3 Kd4 42. e3+ Ke5 43. Bc2 Bb4+ 44. Ke2 Kf6 45. f4 g5 46.
e4 gxf4 47. gxf4 Bd6 48. Kf3 h5 49. h4 Bc7 50. Ba4 Kg6 51. Be8+ Kh6 52. e5 Bd8
53. Kg3 Bc7 54. Bf7 Bb8 55. Kf3 Bc7 56. Ke4 Bd8 57. f5 Bxh4 58. Kd5 Bg5 59. Kd6
Bf4 60. Bd5 Kg5 61. Be4 Bc1 62. Kd7 Ba3 63. f6 h4 64. Ke6 h3 65. Bh1 h2 66. Bg2
Bb4 67. Kd5 Ba3 68. Ke4 Bb2 69. Kd5 Ba3 70. Ke6 Kf4 71. f7 Kg5 72. Be4 Bb4 73.
Kd5 Ba3 74. Bh1 Kf5 75. Be4+ Kg5 76. Ke6 Kf4 77. Bd5 Kg5 78. Bg2 Bb4 79. Kd5
Kg6 80. Ke6 Kg7 81. Be4 Kf8 82. Kf6 Be7+ 83. Kf5 Kxf7 1/2-1/2

[Event "Quebec-ch Senior"]
[Site "Montreal CAN"]
[Date "2018.04.21"]
[Round "3.3"]
[White "Barre, Michel"]
[Black "Gauthier, Luc"]
[Result "1/2-1/2"]
[WhiteElo "1885"]
[BlackElo "1654"]
[PlyCount "64"]
[EventDate "2018.04.20"]
[EventType "swiss"]
[EventRounds "5"]
[EventCountry "CAN"]

1. d4 d5 2. Bf4 Nc6 3. e3 Bf5 4. Bd3 e6 5. Nf3 Bd6 6. Bg3 Nge7 7. a3 a6 8. Qe2
O-O 9. Nbd2 f6 10. e4 dxe4 11. Nxe4 Bxg3 12. Nxg3 Nxd4 13. Nxd4 Qxd4 14. Nxf5
exf5 15. O-O Qe5 16. Qf3 Qd5 17. Qxd5+ Nxd5 18. Bxf5 Rfe8 19. Rfe1 Kf7 20. Kf1
g6 21. Be4 c6 22. Rad1 Rad8 23. g3 Rxe4 24. Rxe4 Ne3+ 25. Rxe3 Rxd1+ 26. Ke2
Rd5 27. Rb3 b5 28. Rc3 c5 29. f4 f5 30. Re3 Rd6 31. Rc3 Rd5 32. Re3 Rd6 1/2-1/2

[Event "Quebec-ch Senior"]
[Site "Montreal CAN"]
[Date "2018.04.21"]
[Round "3.4"]
[White "Baran, Marius"]
[Black "Gauthier, Denis"]
[Result "0-1"]
[WhiteElo "1838"]
[BlackElo "1846"]
[PlyCount "129"]
[EventDate "2018.04.20"]
[EventType "swiss"]
[EventRounds "5"]
[EventCountry "CAN"]

1. e4 c5 2. Nf3 Nc6 3. d4 cxd4 4. Nxd4 e6 5. a3 Qc7 6. Nc3 a6 7. Be3 Nf6 8. Be2
Be7 9. O-O O-O 10. Nb3 d6 11. f4 b5 12. Bf3 Bb7 13. Qe2 Rac8 14. Rad1 Rfe8 15.
Qf2 Nd7 16. Rd2 Bf8 17. Rfd1 Na5 18. Nxa5 Qxa5 19. Kh1 b4 20. Nb1 bxa3 21. Nxa3
Qc7 22. c3 Bc6 23. Nc4 Ba4 24. Nxd6 Bxd6 25. Rxd6 Bxd1 26. Rxd1 Rb8 27. Ra1 a5
28. e5 Rec8 29. h3 Rb3 30. Bd1 Rb5 31. Ba4 Rb7 32. Bxd7 Qxd7 33. Rxa5 Qd1+ 34.
Kh2 Qb3 35. Bd4 Qxb2 36. Qxb2 Rxb2 37. Kg3 g6 38. Kf3 Rc2 39. g4 h6 40. f5 gxf5
41. gxf5 Rh2 42. Kg3 Rd2 43. Ra6 Re8 44. h4 h5 45. Kf4 Rg2 46. fxe6 fxe6 47.
Ra1 Rg4+ 48. Kf3 Rf8+ 49. Ke2 Rxh4 50. Rg1+ Rg4 51. Rh1 Rf5 52. Kd3 Kf7 53. Kc2
Ke8 54. Rh2 Kd7 55. Kb3 Kc6 56. Ra2 h4 57. Ra8 Rh5 58. Rd8 Rg6 59. Rd6+ Kc7 60.
Kc4 h3 61. Kb5 Rh8 62. Ra6 Rb8+ 63. Kc5 h2 64. Ra7+ Rb7 65. Ra1 0-1

[Event "Quebec-ch Senior"]
[Site "Montreal CAN"]
[Date "2018.04.21"]
[Round "3.5"]
[White "Sullivan, Neil"]
[Black "Lamoureux, Yvon"]
[Result "1-0"]
[WhiteElo "2065"]
[BlackElo "1698"]
[PlyCount "61"]
[EventDate "2018.04.20"]
[EventType "swiss"]
[EventRounds "5"]
[EventCountry "CAN"]

1. Nf3 Nf6 2. b4 g6 3. Bb2 Bg7 4. d4 d5 5. e3 O-O 6. c4 c6 7. Bd3 Na6 8. a3 Nc7
9. O-O dxc4 10. Bxc4 Be6 11. Nbd2 a5 12. Qb3 Bxc4 13. Nxc4 axb4 14. axb4 Qd5
15. Qc2 Qe4 16. Qd2 Nd7 17. Rfc1 Rxa1 18. Bxa1 Nb5 19. h3 Ra8 20. Ng5 Qh4 21.
f4 c5 22. Ne5 Nxe5 23. dxe5 h6 24. Nf3 Qg3 25. Qe2 Nc7 26. Bc3 Ne6 27. Be1 Nxf4
28. exf4 Qxf4 29. Bd2 Qg3 30. Qe1 Qxe1+ 31. Bxe1 1-0

[Event "Quebec-ch Senior"]
[Site "Montreal CAN"]
[Date "2018.04.21"]
[Round "3.6"]
[White "Mangahas, Ronald"]
[Black "Cote, Claude"]
[Result "0-1"]
[WhiteElo "1938"]
[BlackElo "1581"]
[PlyCount "106"]
[EventDate "2018.04.20"]
[EventType "swiss"]
[EventRounds "5"]
[EventCountry "CAN"]

1. e4 b6 2. d4 Bb7 3. Nc3 e6 4. f4 c5 5. Nf3 cxd4 6. Nxd4 Nc6 7. Nf3 d6 8. Bd3
a6 9. O-O Be7 10. Qe2 Nb4 11. Bc4 Nf6 12. Kh1 O-O 13. Be3 Qc7 14. Bg1 b5 15.
Bb3 d5 16. Rad1 dxe4 17. Ng5 Nfd5 18. Ncxe4 Nxf4 19. Qg4 Bxg5 20. Qxg5 Nbd5 21.
Nf6+ Nxf6 22. Rxf4 h6 23. Qh4 g5 24. Qxh6 Qxf4 25. Rd3 Ng4 26. Qh5 Kg7 27. Rg3
Rh8 28. Qxg4 Qxg4 29. Rxg4 Kf6 30. a4 bxa4 31. Rxa4 Rh4 32. Ra5 Rg4 33. h3 Rxg2
34. Bd4+ Kg6 35. Bc3 Rxc2+ 36. Kg1 Rc1+ 37. Kh2 Rd8 38. Bc4 Rdd1 39. Re5 Rh1+
40. Kg3 Rcg1+ 41. Kf2 Rg2+ 42. Ke3 Rxh3+ 43. Kd4 Rh8 44. Bd3+ Kh6 45. Kc5 Rc8+
46. Kb6 Bd5 47. Re3 g4 48. Bxa6 Rb8+ 49. Kc5 Rbxb2 50. Bxb2 Rxb2 51. Kd4 f6 52.
Bc8 Rb4+ 53. Kd3 Rb3+ 0-1

[Event "Quebec-ch Senior"]
[Site "Montreal CAN"]
[Date "2018.04.21"]
[Round "3.7"]
[White "Rabutki, Dimitri"]
[Black "Jean, Robert"]
[Result "1/2-1/2"]
[WhiteElo "1610"]
[BlackElo "1763"]
[PlyCount "52"]
[EventDate "2018.04.20"]
[EventType "swiss"]
[EventRounds "5"]
[EventCountry "CAN"]

1. e4 c5 2. Bc4 Nc6 3. d3 e6 4. Nc3 Be7 5. Nge2 Nf6 6. Ng3 O-O 7. O-O d5 8. Bb3
d4 9. Nce2 Na5 10. Bd2 Nxb3 11. axb3 e5 12. f4 exf4 13. Bxf4 a6 14. Qd2 Be6 15.
Qa5 Qxa5 16. Rxa5 h6 17. Bd2 Rfd8 18. Nf5 Bxf5 19. Rxf5 g6 20. Rf1 Kg7 21. Bf4
Rac8 22. Be5 Rc6 23. Nf4 Kh7 24. Bxf6 Rxf6 25. Nd5 Rxf1+ 26. Kxf1 Bf8 1/2-1/2

[Event "Quebec-ch Senior"]
[Site "Montreal CAN"]
[Date "2018.04.21"]
[Round "3.8"]
[White "Alcantara, Maximo jr"]
[Black "Levasseur, Sylvain"]
[Result "1/2-1/2"]
[WhiteElo "1746"]
[BlackElo "1602"]
[PlyCount "104"]
[EventDate "2018.04.20"]
[EventType "swiss"]
[EventRounds "5"]
[EventCountry "CAN"]

1. Nf3 d5 2. d4 e6 3. g3 Nf6 4. Bg2 c6 5. O-O Be7 6. Re1 O-O 7. Nbd2 Nbd7 8. c3
Re8 9. e4 dxe4 10. Nxe4 Nxe4 11. Rxe4 Nf6 12. Re1 c5 13. Be3 Nd5 14. Ne5 Nxe3
15. fxe3 Bd6 16. Nc4 Bf8 17. Qb3 Rb8 18. Rad1 Qc7 19. Qa4 b5 20. Qa5 Qxa5 21.
Nxa5 Rb6 22. Nb3 c4 23. Nd2 Bb7 24. Nf3 Be4 25. Ne5 Bxg2 26. Kxg2 Rd8 27. a3 f6
28. Nf3 Rbd6 29. Nd2 e5 30. Ne4 R6d7 31. Kf2 h6 32. Ke2 f5 33. Nf2 e4 34. g4 g6
35. gxf5 gxf5 36. Rg1+ Rg7 37. Rxg7+ Kxg7 38. Rg1+ Kf7 39. Nh3 Bd6 40. Nf2 Rg8
41. Rxg8 Kxg8 42. h3 Kf7 43. Kf1 Kf6 44. Kg2 Kg5 45. Kf1 a6 46. Kg2 Bc7 47. Kf1
Bd6 48. Kg2 Bc7 49. Kh1 Kh4 50. Kg2 Kg5 51. Kf1 Bd6 52. Kg2 Bc7 1/2-1/2